Estructura de la protección en países en desarrollo
Salvato in:
| Autore principale: | |
|---|---|
| Natura: | Libro |
| Lingua: | spagnolo |
| Pubblicazione: |
Ciudad de México
Centro de Estudios Monetarios Latinoamericanos
1972
|
| Soggetti: | |
| Tags: |
Aggiungi Tag
Nessun Tag, puoi essere il primo ad aggiungerne!!
|
MARC
| LEADER | 00000nam a2200000 a 4500 | ||
|---|---|---|---|
| 001 | UCR9527 | ||
| 003 | CL-VaPUC | ||
| 008 | 980613e19720000MX |||||||||||||||||spa|d | ||
| 082 | 0 | 4 | |a 338.91 |b BAL |2 21 |
| 100 | 0 | |a Balassa, Bela A |e author |9 412146 | |
| 245 | 1 | 0 | |a Estructura de la protección en países en desarrollo |
| 300 | |a 502 p | ||
| 942 | |c BK | ||
| 945 | |d 19980613 00:00:00 |a crobeson | ||
| 260 | |a Ciudad de México |b Centro de Estudios Monetarios Latinoamericanos |c 1972 | ||
| 650 | 0 | |a Desarrollo económico y social |9 256320 | |
| 650 | 0 | |a Países en desarrollo |9 259663 | |
| 650 | 7 | |a AYUDA AL DESARROLLO |2 CL-VaPUC |9 338256 | |
| 650 | 0 | |a Crecimiento económico |9 314037 | |
| 650 | 7 | |a COMERCIO INTERNACIONAL |2 CL-VaPUC |9 412147 | |
| 650 | 0 | |a Desarrollo industrial |9 322675 | |
| 583 | |a last modification |c 19980613 00:00:00 |k Rodrigo Vera | ||
| 999 | |c 270716 |d 270714 | ||
| 952 | |0 0 |1 0 |4 0 |6 338_910000000000000_BAL_1972 |7 0 |8 A |9 305109 |a BIBENE |b BIBENE |d 2019-11-20 |i 1417355 |o 338.91 BAL 1972 |p 1417355 |r 2025-01-15 |w 2019-11-20 |y BK |k ICO | ||